The noble scholar, jurist, historian


 His Excellency Dr. Abdul Wahhab bin Ibrahim Abu Sulaiman, may Allah have mercy on him.


 He was born in Umm Al-Qura in the year 1356 AH.

الرسائل : (Record no. 14389)

MARC details
000 -LEADER
fixed length control field 02190cam a2200289 i 4500
003 - CONTROL NUMBER IDENTIFIER
control field OSt
005 - DATE AND TIME OF LATEST TRANSACTION
control field 20260220115445.0
008 - FIXED-LENGTH DATA ELEMENTS--GENERAL INFORMATION
fixed length control field 260219q19001999pk g b 000 0 ara c
024 0# - OTHER STANDARD IDENTIFIER
Standard number or code 00000000990088
040 ## - CATALOGING SOURCE
Original cataloging agency SA-JeALM
Language of cataloging ara
Transcribing agency SA-RiAUC
Description conventions rda
050 #4 - LIBRARY OF CONGRESS CALL NUMBER
Item number .B37 1900z
082 04 - DEWEY DECIMAL CLASSIFICATION NUMBER
Classification number 250.76
Assigning agency SA-RiAUC
090 ## - LOCALLY ASSIGNED LC-TYPE CALL NUMBER (OCLC); LOCAL CALL NUMBER (RLIN)
Classification number (OCLC) (R) ; Classification number, CALL (RLIN) (NR) 250.76
Local cutter number (OCLC) ; Book number/undivided call number, CALL (RLIN) ب ر ي
100 1# - MAIN ENTRY--PERSONAL NAME
Personal name البريلوي، أحمد رضا خان بن تقي علي،
Dates associated with a name 1856-1921
Relator term مؤلف.
245 12 - TITLE STATEMENT
Title الرسائل :
Remainder of title صيقل الرين عن أحكام مجاورة الحرمين 1305 هـ، هادي الأضحية بالشاة الهندية1314 هـ، الصافية الموحية لحكم جلود الأضحية 1307 هـ/
Statement of responsibility, etc. لإمام أهل السنة الشيخ أحمد رضا خان القادري الحنفي.
250 ## - EDITION STATEMENT
Edition statement الطبعة الأولى.
264 #1 - PRODUCTION, PUBLICATION, DISTRIBUTION, MANUFACTURE, AND COPYRIGHT NOTICE
Place of production, publication, distribution, manufacture لاهور، باكستان :
Name of producer, publisher, distributor, manufacturer مؤسسة رضا، الجامعة النظامية الرضوية،
Date of production, publication, distribution, manufacture, or copyright notice [بين 1900 و1999]
300 ## - PHYSICAL DESCRIPTION
Extent 114 صفحة ؛
Dimensions 24 سم.
336 ## - CONTENT TYPE
Content type term نص
Content type code txt
Source rdacontent
Materials specified كتاب
337 ## - MEDIA TYPE
Media type term بدون وسيط
Media type code n
Source rdamedia
338 ## - CARRIER TYPE
Carrier type term مجلد
Carrier type code nc
Source rdacarrier
504 ## - BIBLIOGRAPHY, ETC. NOTE
Bibliography, etc. note يشتمل على إرجاعات ببليوجرافية.
520 ## - SUMMARY, ETC.
Summary, etc. يتناول كتاب (الرسائل) والذي قام بتأليفه الإمام أحمد رضا خان القادري الحنفي البريلوي، موضوع (الفقه) هذا الكتاب يضم ثلاثة من رسائل الإمام المجموعة وهي: "صيقل الرين عن أحكام مجاورة الحرمين" و "هادي الأضحية بالشاة الهندية" و "الصافية الموحية لحكم جلود الأضحية"، كل منها تحتوي على مسألة هامة اختلف فيها بعض العلماء من معاصريه، وسئل الإمام أحمد رضا عن هذه المسائل، فأجاب جوابا شافيا، موضحا لمشكلاتها وفاتحا لمغلقاتها، دالا على وفرة إطلاعه وطول باعه في العلوم الفقهية.
650 #7 - SUBJECT ADDED ENTRY--TOPICAL TERM
Topical term or geographic name entry element الإسلام
Form subdivision متفرقات
Source of heading or term aucsh
942 ## - ADDED ENTRY ELEMENTS (KOHA)
Source of classification or shelving scheme Dewey Decimal Classification
Koha item type Books
Suppress in OPAC No
949 ## - LOCAL PROCESSING INFORMATION (OCLC)
a SA-JeALM
d 260219
u osman123
n 1
Holdings
Withdrawn status Lost status Source of classification or shelving scheme Damaged status Not for loan Home library Current library Date acquired Total checkouts Full call number Barcode Date last seen Price effective from Koha item type
    Dewey Decimal Classification     DR AbdElwahab Library DR AbdElwahab Library 02/20/2026   250.76 ب ر ي 000022810 02/20/2026 02/20/2026 Books